The USborne book of Silly Jokes / (Record no. 102026)
[ view plain ]
| 000 -LEADER | |
|---|---|
| fixed length control field | 00647nam a2200169 a 4500 |
| 005 - DATE AND TIME OF LATEST TRANSACTION | |
| control field | 20140412111225.0 |
| 008 - FIXED-LENGTH DATA ELEMENTS--GENERAL INFORMATION | |
| fixed length control field | 020417s19uu xx 00 eng d |
| 020 ## - INTERNATIONAL STANDARD BOOK NUMBER | |
| International Standard Book Number | 0-7460-0612-8 |
| 050 ## - LIBRARY OF CONGRESS CALL NUMBER | |
| Classification number | M 808.882 |
| Item number | Ha399 1991 |
| 100 ## - MAIN ENTRY--PERSONAL NAME | |
| Personal name | Hawthorn, Philip |
| 245 ## - TITLE STATEMENT | |
| Title | The USborne book of Silly Jokes / |
| Statement of responsibility, etc | written and compiled by Philip Hawthorn; illustrated by Kim Blundell. |
| 260 ## - PUBLICATION, DISTRIBUTION, ETC. (IMPRINT) | |
| Place of publication, distribution, etc | Tulsa, Oklahoma : |
| Name of publisher, distributor, etc | EDC Publishing, |
| Date of publication, distribution, etc | 1991. |
| 300 ## - PHYSICAL DESCRIPTION | |
| Extent | 32 p. ; ill. |
| 520 ## - SUMMARY, ETC. | |
| Summary, etc | Colorful cartoon characters tell jokes, gags, riddles and rhymes about everything from Martians to marzipans; skunks to skeletons. |
| 650 ## - SUBJECT ADDED ENTRY--TOPICAL TERM | |
| Topical term or geographic name as entry element | Children book |
| Withdrawn status | Lost status | Damaged status | Use restrictions | Home library | Current library | Shelving location | Date acquired | Source of acquisition | Cost, normal purchase price | Total Checkouts | Full call number | Barcode | Date last seen | Price effective from | Koha item type |
|---|---|---|---|---|---|---|---|---|---|---|---|---|---|---|---|
| Elizalde Library | Elizalde Library | Main Section | 04/17/2002 | 140.50 | M 808.882 Ha399 1991 | E0316 | 04/12/2014 | 04/12/2014 | Books |